Риск-менеджмент: учебник

Detalles Bibliográficos
Autor Principal: Фомичев А. Н. Андрей Николаевич
Summary:В учебном пособии комплексно изложены основные теоретические и методологические вопросы управления рисками, возникающими в деятельности хозяйственной организации. Для преподавателей, аспирантов и студентов высших учебных заведений, изучающих дисциплины "Риск-менеджмент", "Управление рисками", "Управление в ситуациях риска" и др., а также для руководителей-практиков высшего и среднего управленческого звена предприятий, учреждений и организаций любых форм собственности.
Idioma:ruso
Publicado: Москва, Дашков и К, 2009
Edición:2-е изд.
Subjects:
Formato: MixedMaterials Libro
KOHA link:https://koha.lib.tpu.ru/cgi-bin/koha/opac-detail.pl?biblionumber=165279

MARC

LEADER 00000nam0a2200000 4500
001 165279
005 20231101222535.0
010 |a 9785394004032 
035 |a (RuTPU)RU\TPU\book\179299 
035 |a RU\TPU\book\120481 
035 |a RU\TPU\book\147086 
090 |a 165279 
100 |a 20070316d2009 m y0rusy50 ca 
101 0 |a rus 
102 |a RU 
105 |a y j 001zy 
200 1 |a Риск-менеджмент  |e учебник  |f А. Н. Фомичев 
205 |a 2-е изд. 
210 |a Москва  |c Дашков и К  |d 2009 
215 |a 376 с. 
320 |a Библиогр.: с. 370-374. 
330 |a В учебном пособии комплексно изложены основные теоретические и методологические вопросы управления рисками, возникающими в деятельности хозяйственной организации. Для преподавателей, аспирантов и студентов высших учебных заведений, изучающих дисциплины "Риск-менеджмент", "Управление рисками", "Управление в ситуациях риска" и др., а также для руководителей-практиков высшего и среднего управленческого звена предприятий, учреждений и организаций любых форм собственности. 
451 1 |0 (RuTPU)RU\TPU\book\147086  |y 978-5-91131-419-4  |t Риск-менеджмент  |o учебник  |f А. Н. Фомичев  |c М.  |n Дашков и К  |d 2008  |p 376 с.  |a Фомичев, Андрей Николаевич 
606 1 |a Риск-менеджмент  |2 stltpush  |3 (RuTPU)RU\TPU\subj\68346  |9 83735 
610 1 |a экономика 
610 1 |a управление 
610 1 |a экономические риски 
610 1 |a риски 
610 1 |a история 
610 1 |a законы 
610 1 |a регулирование 
610 1 |a стратегия 
610 1 |a тактика 
610 1 |a внешние риски 
610 1 |a финансовые риски 
610 1 |a инновационные риски 
610 1 |a экологические риски 
610 1 |a психологические риски 
610 1 |a социальные риски 
610 1 |a учебники 
686 |a У9(2)212я73  |v LBC/SL-A  |2 rubbk 
700 1 |a Фомичев  |b А. Н.  |g Андрей Николаевич 
801 1 |a RU  |b 63413507  |c 20090916 
801 2 |a RU  |b 63413507  |c 20150825  |g RCR 
900 |a Управление рисками 
900 |a Риск-менеджмент 
942 |c BK 
959 |a 94/20090916  |d 2  |e 220,00  |f АНЛ:1  |f ЧЗГЛ:1